000 00293nam a2200121 i 4500
001 bg
245 0 5 _a1980 European conference on circuit theory and design.
_nVol. 2.
260 _aWarsaw,
_c1980.
040 _cBPK
041 _apol
942 _cKS
008 s pl f |000 0 pol
999 _c19423
_d19423
856 _uhttp://koha.tu.koszalin.pl/cgi-bin/koha/opac-detail.pl?biblionumber=19423
_yKatalog online BPK